Рак внепеченочных желчных путей и поджелудочной железы / (Record no. 393420)
[ view plain ]
| 000 -LEADER | |
|---|---|
| fixed length control field | 01080nam a2200241 a 4500 |
| 001 - CONTROL NUMBER | |
| control field | 000539135 |
| 003 - CONTROL NUMBER IDENTIFIER | |
| control field | AM-YeHGA |
| 005 - DATE AND TIME OF LATEST TRANSACTION | |
| control field | 20250617153533.0 |
| 008 - FIXED-LENGTH DATA ELEMENTS--GENERAL INFORMATION | |
| fixed length control field | 070530s1979 ||||||||||||||||||||rus d |
| 040 ## - CATALOGING SOURCE | |
| Original cataloging agency | AM-YeHGA |
| 041 0# - LANGUAGE CODE | |
| Language code of text/sound track or separate title | rus |
| 090 ## - LOCALLY ASSIGNED LC-TYPE CALL NUMBER (OCLC); LOCAL CALL NUMBER (RLIN) | |
| -- | 395445 |
| 100 1# - MAIN ENTRY--PERSONAL NAME | |
| Personal name | Кощуг,Гурий Дмитриевич |
| 245 10 - TITLE STATEMENT | |
| Title | Рак внепеченочных желчных путей и поджелудочной железы / |
| Statement of responsibility, etc. | Г.Д. Кощуг, Г.Ф. Бешляга; МЗ МССР, Молдавский НИИ онкологии . |
| 260 ## - PUBLICATION, DISTRIBUTION, ETC. | |
| Place of publication, distribution, etc. | Кишинев : |
| Name of publisher, distributor, etc. | Штиинца, |
| Date of publication, distribution, etc. | 1979. |
| 300 ## - PHYSICAL DESCRIPTION | |
| Extent | 136 с. : |
| Other physical details | ил. |
| 650 14 - SUBJECT ADDED ENTRY--TOPICAL TERM | |
| Topical term or geographic name entry element | Хирургия |
| 650 14 - SUBJECT ADDED ENTRY--TOPICAL TERM | |
| Topical term or geographic name entry element | Онкология |
| 650 14 - SUBJECT ADDED ENTRY--TOPICAL TERM | |
| Topical term or geographic name entry element | Рак желчного пузыря и поджелудочной железы |
| 700 1# - ADDED ENTRY--PERSONAL NAME | |
| Personal name | Бешляга, Григорий Федорович |
| 710 2# - ADDED ENTRY--CORPORATE NAME | |
| Corporate name or jurisdiction name as entry element | Министерство здравоохранения Молдавской ССР |
| 710 2# - ADDED ENTRY--CORPORATE NAME | |
| Corporate name or jurisdiction name as entry element | Молдавский научно-исследовательский институт онкологии |
| Withdrawn status | Lost status | Source of classification or shelving scheme | Damaged status | Not for loan | Collection | Home library | Current library | Date acquired | Total checkouts | Full call number | Barcode | Date last seen | Price effective from | Koha item type | Public note |
|---|---|---|---|---|---|---|---|---|---|---|---|---|---|---|---|
| Universal Decimal Classification | General | Fundamental Scientific Library | Fundamental Scientific Library | 17/10/2017 | PII/444229 | FL0464061 | 17/10/2017 | 17/10/2017 | Գրքեր / Books | 30 Days Loan |
ՀՀ Գիտությունների ազգային ակադեմիայի հիմնարար գիտական գրադարան = Fundamental Scientific Library of NAS RA
All site content, except where otherwise noted, is licensed under a